| 000 | 00553 a2200193 4500 | ||
|---|---|---|---|
| 005 | 20260408101555.0 | ||
| 008 | 260408b |||||||| |||| 00| 0 eng d | ||
| 020 | _a9781032744728 | ||
| 040 | _cSDCL | ||
| 041 |
_2eng _aeng |
||
| 084 | _aQ2v R5 | ||
| 100 |
_aHopkins, Thomas J. _9848707 |
||
| 245 |
_aThe Hindu Religious Tradition : _bA New Historical, Anthropological, and Philological Approach |
||
| 250 | _a2nd | ||
| 260 |
_aLondon : _bRoutledge, _c2026. |
||
| 300 | _axii, 390p. | ||
| 700 |
_aSchweig, Graham M. _9852723 |
||
| 942 |
_cTEXL _2CC |
||
| 999 |
_c1714952 _d1714952 |
||